Normal view
MARC view
Entry Personal Name
001 - CONTROL NUMBER
- control field: 7518
003 - CONTROL NUMBER IDENTIFIER
- control field: OSt
005 - DATE AND TIME OF LATEST TRANSACTION
- control field: 20150826130729.0
008 - FIXED-LENGTH DATA ELEMENTS
- fixed length control field: 150826|| aca||aabn | a|a d
040 ## - CATALOGING SOURCE
- Original cataloging agency: OSt
- Transcribing agency: OSt
100 ## - HEADING--PERSONAL NAME
- Personal name: Sharma, V S
670 ## - SOURCE DATA FOUND
- Source citation: Work cat.: (OSt)8268: Sharma, V S, Dance and Music of South India, 2007









